| 000 | 00592cam a2200181 4500 | ||
|---|---|---|---|
| 020 | _a0702004456 | ||
| 020 | _a9780702004452 | ||
| 040 | _cDLC | ||
| 082 | 0 | 0 | _a636 BAI 1990 C157 Or. |
| 100 | 1 | _aFraser, Andrew F | |
| 245 | 1 | 0 |
_aFarm animal behaviour ; _ban introductory textbook on the study of behaviour as applied to horses, cattle, sheep and pigs / |
| 300 |
_aix, 196 pages : _billustrations ; _c22 cm |
||
| 500 | _aImprint covered by label: Williams & Wilkins, Baltimore | ||
| 650 | 0 | _aDomestic animals | |
| 650 | 2 | _aAnimals, Domestic | |
| 650 | 2 | _aBehavior, Animal | |
| 942 | _cAEDBB | ||
| 999 |
_c18990 _d18990 |
||